000 00489nam a2200169Ia 4500
005 20250424120217.0
008 250424s9999 xx 000 0 und d
022 _a26516160
050 _aLB 1607 .A28/
245 0 _aAbuja journal of gender studies and youth advancement
260 _aAbuja, Nigeria
260 _bAboki publishers
260 _c2018
300 _aviii, 391 p. ; 22 cm.
650 _aEducation, Secondary--Congresses. High school students--Congresses.
942 _cSR
999 _c38021
_d38021